000 00907nam a2200253Ia 4500
003 OSt
005 20220923212915.0
006 a|||||r|||| 00| 0
007 ta
008 220922b |||||||| |||| 00| 0 hin d
024 _a156,846
037 _cTextual
040 _aARTS
_cARTS
_bhin
041 _2hin
_ahin
082 _aO152:g, L3
100 _aविश्वनाथ प्रसाद
245 0 _aकला एवं साहित्य
_b प्रवृत्ति और परम्परा
246 _aKalā evan sāhitya: pravṛutti aur paramparā
260 _aपटना
_b बिहार हिन्दी गं्रथ अकादमी
_c1973
300 _a239 पृ.
_ccm.
650 _aहिन्दी साहित्य
_9156264
942 _hO152:g, L3
_cTEXL
_2CC
999 _c312063
_d312063